[Event "World Youth & Cadets Rapid Championships"]
[Site "Rhodes, Greece"]
[Date "2022.05.01"]
[Round "1.1"]
[White "Subelj, Jan"]
[Black "Krivenko, Dion"]
[Result "1-0"]
[TimeControl "10'/game & 5\"/move"]
[WhiteElo "2338"]
[BlackElo "1971"]

1. e4 {[%clk 00:10:05]} {[%emt 00:00:13]} c5 {[%clk 00:10:09]} {[%emt
00:00:21]} 2. Nf3 {[%clk 00:10:12]} {[%emt 00:00:01]} d6 {[%clk 00:10:13]}
{[%emt 00:00:02]} 3. Bb5+ {[%clk 00:10:07]} {[%emt 00:00:09]} Nd7 {[%clk
00:10:14]} {[%emt 00:00:03]} 4. d4 {[%clk 00:09:50]} {[%emt 00:00:22]} cxd4
{[%clk 00:10:12]} {[%emt 00:00:08]} 5. Qxd4 {[%clk 00:09:51]} {[%emt 00:00:03]}
e5 {[%clk 00:10:06]} {[%emt 00:00:12]} 6. Qe3 {[%clk 00:09:16]} {[%emt
00:00:41]} a6 {[%clk 00:10:07]} {[%emt 00:00:04]} 7. Be2 {[%clk 00:09:18]}
{[%emt 00:00:03]} Ngf6 {[%clk 00:09:45]} {[%emt 00:00:27]} 8. c4 {[%clk
00:09:21]} {[%emt 00:00:01]} Be7 {[%clk 00:09:45]} {[%emt 00:00:06]} 9. Nc3
{[%clk 00:09:23]} {[%emt 00:00:02]} O-O {[%clk 00:09:44]} {[%emt 00:00:06]} 10.
O-O {[%clk 00:09:25]} {[%emt 00:00:03]} Rb8 {[%clk 00:09:41]} {[%emt 00:00:09]}
11. h3 {[%clk 00:09:15]} {[%emt 00:00:13]} h6 {[%clk 00:09:33]} {[%emt
00:00:14]} 12. b3 {[%clk 00:09:00]} {[%emt 00:00:20]} Nc5 {[%clk 00:09:36]}
{[%emt 00:00:02]} 13. Rd1 {[%clk 00:08:51]} {[%emt 00:00:14]} Qc7 {[%clk
00:09:15]} {[%emt 00:00:26]} 14. Ba3 {[%clk 00:08:26]} {[%emt 00:00:30]} b6
{[%clk 00:07:51]} {[%emt 00:01:29]} 15. Rac1 {[%clk 00:08:11]} {[%emt
00:00:20]} Qb7 {[%clk 00:07:20]} {[%emt 00:00:36]} 16. Nd2 {[%clk 00:07:43]}
{[%emt 00:00:32]} Be6 {[%clk 00:07:02]} {[%emt 00:00:23]} 17. b4 {[%clk
00:07:30]} {[%emt 00:00:19]} Ncd7 {[%clk 00:07:02]} {[%emt 00:00:06]} 18. Nd5
{[%clk 00:07:32]} {[%emt 00:00:02]} Bd8 {[%clk 00:06:17]} {[%emt 00:00:49]} 19.
b5 {[%clk 00:05:43]} {[%emt 00:01:55]} Nc5 {[%clk 00:05:36]} {[%emt 00:00:47]}
20. Bxc5 {[%clk 00:05:29]} {[%emt 00:00:18]} bxc5 {[%clk 00:05:16]} {[%emt
00:00:25]} 21. a4 {[%clk 00:05:32]} {[%emt 00:00:02]} axb5 {[%clk 00:04:41]}
{[%emt 00:00:41]} 22. axb5 {[%clk 00:05:20]} {[%emt 00:00:16]} Nxd5 {[%clk
00:04:42]} {[%emt 00:00:04]} 23. exd5 {[%clk 00:03:40]} {[%emt 00:01:45]} Bf5
{[%clk 00:04:26]} {[%emt 00:00:22]} 24. Ra1 {[%clk 00:03:28]} {[%emt 00:00:17]}
Bg5 {[%clk 00:04:07]} {[%emt 00:00:23]} 25. Qf3 {[%clk 00:03:14]} {[%emt
00:00:18]} Bh7 {[%clk 00:03:26]} {[%emt 00:00:47]} 26. Ne4 {[%clk 00:02:52]}
{[%emt 00:00:27]} Bxe4 {[%clk 00:03:12]} {[%emt 00:00:19]} 27. Qxe4 {[%clk
00:02:55]} {[%emt 00:00:02]} f5 {[%clk 00:03:16]} {[%emt 00:00:01]} 28. Qc2
{[%clk 00:02:59]} {[%emt 00:00:01]} e4 {[%clk 00:03:03]} {[%emt 00:00:18]} 29.
Ra6 {[%clk 00:03:02]} {[%emt 00:00:02]} Qe7 {[%clk 00:03:08]} {[%emt 00:00:01]}
30. Re1 {[%clk 00:02:18]} {[%emt 00:00:48]} Bf6 {[%clk 00:02:57]} {[%emt
00:00:15]} 31. Bf1 {[%clk 00:01:25]} {[%emt 00:00:59]} Bd4 {[%clk 00:02:57]}
{[%emt 00:00:05]} 32. Kh1 {[%clk 00:01:03]} {[%emt 00:00:27]} Rbe8 {[%clk
00:03:00]} {[%emt 00:00:02]} 33. Ra3 {[%clk 00:01:00]} {[%emt 00:00:08]} Qh4
{[%clk 00:02:26]} {[%emt 00:00:39]} 34. g3 {[%clk 00:01:03]} {[%emt 00:00:02]}
Qe7 {[%clk 00:02:14]} {[%emt 00:00:17]} 35. Bg2 {[%clk 00:01:05]} {[%emt
00:00:03]} Ra8 {[%clk 00:02:16]} {[%emt 00:00:03]} 36. Rxa8 {[%clk 00:00:49]}
{[%emt 00:00:21]} Rxa8 {[%clk 00:02:20]} 37. f3 {[%clk 00:00:52]} {[%emt
00:00:02]} Qg5 {[%clk 00:02:03]} {[%emt 00:00:22]} 38. Kh2 {[%clk 00:00:23]}
{[%emt 00:00:34]} Ra3 {[%clk 00:01:27]} {[%emt 00:00:41]} 39. h4 {[%clk
00:00:16]} {[%emt 00:00:12]} Qg6 {[%clk 00:01:22]} {[%emt 00:00:10]} 40. b6
{[%clk 00:00:17]} {[%emt 00:00:04]} exf3 {[%clk 00:00:56]} {[%emt 00:00:31]} 41.
b7 {[%clk 00:00:17]} {[%emt 00:00:05]} fxg2 {[%clk 00:01:00]} {[%emt 00:00:02]}
42. b8=Q+ {[%clk 00:00:18]} {[%emt 00:00:04]} Kh7 {[%clk 00:01:04]} 43. Qxg2
{[%clk 00:00:15]} {[%emt 00:00:09]} f4 {[%clk 00:00:43]} {[%emt 00:00:25]} 44.
Qe4 {[%clk 00:00:18]} {[%emt 00:00:02]} 1-0

[Event "World Youth & Cadets Rapid Championships"]
[Site "Rhodes, Greece"]
[Date "2022.05.01"]
[Round "1.2"]
[White "Can, Isik"]
[Black "Kushko, Dmitriy"]
[Result "1/2-1/2"]
[TimeControl "10'/game & 5\"/move"]
[WhiteElo "1897"]
[BlackElo "2311"]

1. e4 {[%clk 00:10:09]} d6 {[%clk 00:10:08]} {[%emt 00:00:02]} 2. d4 {[%clk
00:10:13]} {[%emt 00:00:02]} Nf6 {[%clk 00:10:11]} {[%emt 00:00:01]} 3. Nc3
{[%clk 00:10:17]} {[%emt 00:00:01]} g6 {[%clk 00:10:14]} {[%emt 00:00:02]} 4.
Be3 {[%clk 00:10:20]} {[%emt 00:00:03]} c6 {[%clk 00:10:14]} {[%emt 00:00:04]}
5. h3 {[%clk 00:10:19]} {[%emt 00:00:06]} Qb6 {[%clk 00:09:51]} {[%emt
00:00:28]} 6. Qc1 {[%clk 00:08:28]} {[%emt 00:01:56]} Bg7 {[%clk 00:09:43]}
{[%emt 00:00:12]} 7. e5 {[%clk 00:08:03]} {[%emt 00:00:30]} Nd5 {[%clk
00:09:29]} {[%emt 00:00:19]} 8. exd6 {[%clk 00:05:38]} {[%emt 00:02:31]} Nxc3
{[%clk 00:07:59]} {[%emt 00:01:35]} 9. bxc3 {[%clk 00:05:42]} exd6 {[%clk
00:08:02]} {[%emt 00:00:03]} 10. Bd3 {[%clk 00:05:18]} {[%emt 00:00:29]} Nd7
{[%clk 00:07:22]} {[%emt 00:00:45]} 11. Ne2 {[%clk 00:05:16]} {[%emt 00:00:07]}
Nf6 {[%clk 00:07:12]} {[%emt 00:00:14]} 12. O-O {[%clk 00:05:06]} {[%emt
00:00:15]} O-O {[%clk 00:07:13]} {[%emt 00:00:04]} 13. a4 {[%clk 00:05:05]}
{[%emt 00:00:06]} Re8 {[%clk 00:06:53]} {[%emt 00:00:25]} 14. Bf4 {[%clk
00:04:28]} {[%emt 00:00:42]} Qd8 {[%clk 00:05:56]} {[%emt 00:01:02]} 15. Bh6
{[%clk 00:04:11]} {[%emt 00:00:22]} Nd5 {[%clk 00:04:53]} {[%emt 00:01:08]} 16.
Rb1 {[%clk 00:03:52]} {[%emt 00:00:24]} Rxe2 {[%clk 00:04:23]} {[%emt
00:00:35]} 17. Bxg7 {[%clk 00:03:03]} {[%emt 00:00:54]} Kxg7 {[%clk 00:03:34]}
{[%emt 00:00:54]} 18. c4 {[%clk 00:02:50]} {[%emt 00:00:19]} Re7 {[%clk
00:02:10]} {[%emt 00:01:28]} 19. cxd5 {[%clk 00:02:46]} {[%emt 00:00:10]} cxd5
{[%clk 00:02:13]} {[%emt 00:00:01]} 20. Qg5 {[%clk 00:02:33]} {[%emt 00:00:18]}
Be6 {[%clk 00:02:13]} {[%emt 00:00:05]} 21. f4 {[%clk 00:02:27]} {[%emt
00:00:12]} Rc7 {[%clk 00:01:46]} {[%emt 00:00:32]} 22. Qg3 {[%clk 00:02:28]}
{[%emt 00:00:04]} f5 {[%clk 00:01:37]} {[%emt 00:00:14]} 23. a5 {[%clk
00:01:33]} {[%emt 00:00:59]} Qf6 {[%clk 00:01:21]} {[%emt 00:00:21]} 24. Rb4
{[%clk 00:01:23]} {[%emt 00:00:15]} Re8 {[%clk 00:01:24]} {[%emt 00:00:02]} 25.
Kh2 {[%clk 00:01:18]} {[%emt 00:00:10]} Ree7 {[%clk 00:01:27]} {[%emt
00:00:02]} 26. Qf3 {[%clk 00:01:08]} {[%emt 00:00:15]} h5 {[%clk 00:01:17]}
{[%emt 00:00:15]} 27. Rfb1 {[%clk 00:00:33]} {[%emt 00:00:40]} Bf7 {[%clk
00:01:16]} {[%emt 00:00:06]} 28. Qf2 {[%clk 00:00:33]} {[%emt 00:00:05]} Be6
{[%clk 00:01:03]} {[%emt 00:00:18]} 29. Rb5 {[%clk 00:00:35]} {[%emt 00:00:04]}
Bf7 {[%clk 00:01:05]} {[%emt 00:00:03]} 30. R5b4 {[%clk 00:00:39]} {[%emt
00:00:01]} Be6 {[%clk 00:01:07]} {[%emt 00:00:02]} 31. Rb5 {[%clk 00:00:37]}
{[%emt 00:00:07]} 1/2-1/2

[Event "World Youth & Cadets Rapid Championships"]
[Site "Rhodes, Greece"]
[Date "2022.05.01"]
[Round "1.3"]
[White "Gregoric, Andraz"]
[Black "Petrovskyi, Vadym"]
[Result "0-1"]
[TimeControl "10'/game & 5\"/move"]
[WhiteElo "1860"]
[BlackElo "2347"]

1. e4 {[%clk 00:10:09]} c5 {[%clk 00:10:09]} {[%emt 00:00:02]} 2. Nf3 {[%clk
00:10:13]} {[%emt 00:00:01]} d6 {[%clk 00:10:13]} {[%emt 00:00:01]} 3. c3
{[%clk 00:10:17]} Nf6 {[%clk 00:10:16]} {[%emt 00:00:02]} 4. h3 {[%clk
00:10:21]} {[%emt 00:00:01]} g6 {[%clk 00:10:18]} {[%emt 00:00:03]} 5. Bd3
{[%clk 00:10:24]} {[%emt 00:00:02]} Bg7 {[%clk 00:10:22]} {[%emt 00:00:02]} 6.
Bc2 {[%clk 00:10:27]} {[%emt 00:00:01]} O-O {[%clk 00:10:24]} {[%emt 00:00:03]}
7. O-O {[%clk 00:10:31]} {[%emt 00:00:02]} Nc6 {[%clk 00:10:27]} {[%emt
00:00:02]} 8. a3 {[%clk 00:10:35]} e5 {[%emt 00:00:17]} 9. d4 {[%clk 00:10:29]}
cxd4 {[%clk 00:09:53]} {[%emt 00:00:38]} 10. cxd4 {[%clk 00:10:31]} {[%emt
00:00:02]} exd4 {[%clk 00:09:56]} {[%emt 00:00:02]} 11. Nxd4 {[%clk 00:09:24]}
{[%emt 00:01:12]} Nxd4 {[%clk 00:09:58]} {[%emt 00:00:03]} 12. Qxd4 {[%clk
00:09:27]} {[%emt 00:00:02]} Re8 {[%clk 00:10:02]} {[%emt 00:00:01]} 13. Qa4
{[%clk 00:08:17]} {[%emt 00:01:15]} Bd7 {[%clk 00:09:27]} {[%emt 00:00:40]} 14.
Qb4 {[%clk 00:08:20]} {[%emt 00:00:02]} Bc6 {[%clk 00:09:30]} {[%emt 00:00:03]}
15. f3 {[%clk 00:07:17]} {[%emt 00:01:08]} d5 {[%clk 00:09:23]} {[%emt
00:00:12]} 16. exd5 {[%clk 00:04:42]} {[%emt 00:02:40]} Nxd5 {[%clk 00:09:24]}
{[%emt 00:00:04]} 17. Qb3 {[%clk 00:04:44]} {[%emt 00:00:03]} Ne3 {[%clk
00:06:23]} {[%emt 00:03:06]} 18. Bxe3 {[%clk 00:03:55]} {[%emt 00:00:54]} Rxe3
{[%clk 00:06:26]} {[%emt 00:00:02]} 19. Qxe3 {[%clk 00:03:58]} {[%emt
00:00:02]} Bd4 {[%clk 00:06:29]} {[%emt 00:00:01]} 20. Qf2 {[%clk 00:04:01]}
{[%emt 00:00:02]} Bb5 {[%clk 00:06:00]} {[%emt 00:00:34]} 21. Kh1 {[%clk
00:03:34]} {[%emt 00:00:32]} Bxf2 {[%clk 00:06:03]} {[%emt 00:00:02]} 22. Rxf2
{[%clk 00:03:38]} {[%emt 00:00:02]} Qd4 {[%clk 00:05:55]} {[%emt 00:00:12]} 0-1

[Event "World Youth & Cadets Rapid Championships"]
[Site "Rhodes, Greece"]
[Date "2022.05.01"]
[Round "1.4"]
[White "Laux, Dominik"]
[Black "Borrmann, Laurenz"]
[Result "1-0"]
[TimeControl "10'/game & 5\"/move"]
[WhiteElo "2232"]
[BlackElo "1847"]

1. d4 {[%clk 00:10:07]} {[%emt 00:00:02]} Nf6 {[%clk 00:10:08]} {[%emt
00:00:03]} 2. Bg5 {[%clk 00:09:56]} {[%emt 00:00:16]} Ne4 {[%clk 00:10:03]}
{[%emt 00:00:09]} 3. Bf4 {[%clk 00:09:58]} {[%emt 00:00:03]} d5 {[%clk
00:10:00]} {[%emt 00:00:08]} 4. e3 {[%clk 00:09:58]} {[%emt 00:00:05]} Nc6
{[%clk 00:09:56]} {[%emt 00:00:10]} 5. Nf3 {[%clk 00:08:05]} {[%emt 00:01:58]}
Bf5 {[%clk 00:09:45]} {[%emt 00:00:15]} 6. Be2 {[%clk 00:07:49]} {[%emt
00:00:21]} f6 {[%clk 00:09:21]} {[%emt 00:00:29]} 7. h4 {[%clk 00:07:10]}
{[%emt 00:00:44]} Qd7 {[%clk 00:08:35]} {[%emt 00:00:51]} 8. c4 {[%clk
00:06:06]} {[%emt 00:01:09]} O-O-O {[%clk 00:06:48]} {[%emt 00:01:52]} 9. O-O
{[%clk 00:04:00]} {[%emt 00:02:11]} dxc4 {[%clk 00:04:16]} {[%emt 00:02:37]} 10.
Nc3 {[%clk 00:03:36]} {[%emt 00:00:30]} Nxc3 {[%clk 00:03:53]} {[%emt
00:00:28]} 11. bxc3 {[%clk 00:03:39]} {[%emt 00:00:02]} Na5 {[%clk 00:03:03]}
{[%emt 00:00:54]} 12. Re1 {[%clk 00:02:23]} {[%emt 00:01:22]} e6 {[%clk
00:02:32]} {[%emt 00:00:35]} 13. Bf1 {[%clk 00:02:01]} Bg4 {[%clk 00:02:07]}
{[%emt 00:00:58]} 14. Rb1 {[%emt 00:00:37]} Bd6 {[%clk 00:01:45]} {[%emt
00:00:10]} 15. Bxd6 {[%clk 00:00:52]} {[%emt 00:00:58]} cxd6 {[%clk 00:01:48]}
{[%emt 00:00:02]} 16. e4 {[%clk 00:00:52]} {[%emt 00:00:05]} d5 {[%clk
00:01:35]} {[%emt 00:00:18]} 17. Rb2 {[%clk 00:00:30]} {[%emt 00:00:27]} h6
{[%clk 00:01:09]} {[%emt 00:00:31]} 18. Qb1 {[%clk 00:00:21]} {[%emt 00:00:15]}
Bxf3 {[%clk 00:01:03]} {[%emt 00:00:10]} 19. gxf3 {[%clk 00:00:25]} {[%emt
00:00:02]} Kb8 {[%clk 00:00:39]} {[%emt 00:00:29]} 20. Bh3 {[%clk 00:00:24]}
{[%emt 00:00:05]} f5 {[%clk 00:00:19]} {[%emt 00:00:26]} 21. Rb5 {[%clk
00:00:19]} {[%emt 00:00:10]} Nc6 {[%clk 00:00:21]} {[%emt 00:00:02]} 22. exf5
{[%clk 00:00:13]} {[%emt 00:00:12]} exf5 {[%clk 00:00:23]} {[%emt 00:00:02]} 23.
Bxf5 {[%clk 00:00:14]} Qc7 {[%clk 00:00:24]} {[%emt 00:00:08]} 24. Be6 {[%clk
00:00:13]} Ne7 {[%clk 00:00:17]} {[%emt 00:00:18]} 25. Re5 {[%clk 00:00:12]} a6
{[%clk 00:00:15]} {[%emt 00:00:14]} 26. Rb6 {[%clk 00:00:09]} Rhf8 {[%clk
00:00:14]} {[%emt 00:00:14]} 27. Re3 {[%clk 00:00:10]} Rd6 {[%clk 00:00:13]}
{[%emt 00:00:09]} 28. Rxd6 {[%clk 00:00:11]} Qxd6 {[%clk 00:00:17]} {[%emt
00:00:05]} 1-0

[Event "World Youth & Cadets Rapid Championships"]
[Site "Rhodes, Greece"]
[Date "2022.05.01"]
[Round "1.5"]
[White "Pick, Max"]
[Black "Tobak, Mikhail"]
[Result "0-1"]
[TimeControl "10'/game & 5\"/move"]
[WhiteElo "1841"]
[BlackElo "2159"]

1. d4 {[%clk 00:10:08]} {[%emt 00:00:02]} Nf6 {[%clk 00:10:09]} {[%emt
00:00:02]} 2. Nf3 {[%clk 00:10:10]} {[%emt 00:00:02]} e6 {[%clk 00:10:12]}
{[%emt 00:00:02]} 3. Bf4 {[%clk 00:10:05]} {[%emt 00:00:10]} c5 {[%clk
00:10:13]} {[%emt 00:00:04]} 4. c3 {[%clk 00:09:52]} {[%emt 00:00:18]} b6
{[%clk 00:10:16]} {[%emt 00:00:02]} 5. e3 {[%clk 00:09:46]} {[%emt 00:00:11]}
Bb7 {[%clk 00:10:19]} {[%emt 00:00:02]} 6. Nbd2 {[%clk 00:09:47]} {[%emt
00:00:04]} cxd4 {[%clk 00:10:20]} {[%emt 00:00:04]} 7. exd4 {[%clk 00:09:44]}
{[%emt 00:00:09]} Be7 {[%clk 00:10:23]} {[%emt 00:00:02]} 8. Bd3 {[%clk
00:09:41]} {[%emt 00:00:07]} O-O {[%clk 00:10:25]} {[%emt 00:00:03]} 9. O-O
{[%clk 00:09:34]} {[%emt 00:00:11]} d6 {[%clk 00:10:26]} {[%emt 00:00:04]} 10.
h3 {[%clk 00:09:31]} {[%emt 00:00:08]} Nbd7 {[%clk 00:10:29]} {[%emt 00:00:02]}
11. Qe2 {[%clk 00:09:13]} {[%emt 00:00:24]} Qc7 {[%clk 00:10:20]} {[%emt
00:00:14]} 12. Rfe1 {[%clk 00:09:01]} {[%emt 00:00:18]} Rad8 {[%clk 00:09:59]}
{[%emt 00:00:25]} 13. Rad1 {[%clk 00:08:36]} {[%emt 00:00:30]} Rfe8 {[%clk
00:09:32]} {[%emt 00:00:32]} 14. Ba6 {[%clk 00:07:45]} {[%emt 00:00:57]} Nf8
{[%clk 00:09:21]} {[%emt 00:00:15]} 15. Bxb7 {[%clk 00:07:44]} {[%emt
00:00:06]} Qxb7 {[%clk 00:09:24]} {[%emt 00:00:02]} 16. Ne4 {[%clk 00:06:55]}
{[%emt 00:00:54]} Ng6 {[%clk 00:09:03]} {[%emt 00:00:26]} 17. Bg3 {[%clk
00:06:52]} {[%emt 00:00:08]} Nh5 {[%clk 00:08:16]} {[%emt 00:00:52]} 18. Qb5
{[%clk 00:04:00]} {[%emt 00:02:56]} d5 {[%clk 00:07:58]} {[%emt 00:00:24]} 19.
Ned2 {[%clk 00:03:28]} {[%emt 00:00:37]} Nxg3 {[%clk 00:07:58]} {[%emt
00:00:05]} 20. fxg3 {[%clk 00:03:31]} {[%emt 00:00:02]} Bd6 {[%clk 00:07:56]}
{[%emt 00:00:06]} 21. Nf1 {[%clk 00:03:14]} {[%emt 00:00:23]} a6 {[%clk
00:07:28]} {[%emt 00:00:33]} 22. Qd3 {[%clk 00:03:13]} {[%emt 00:00:06]} b5
{[%clk 00:07:31]} {[%emt 00:00:03]} 23. Re2 {[%clk 00:02:12]} {[%emt 00:01:05]}
Qc7 {[%clk 00:07:26]} {[%emt 00:00:09]} 24. Kf2 {[%clk 00:01:55]} {[%emt
00:00:22]} e5 {[%clk 00:06:42]} {[%emt 00:00:50]} 25. dxe5 {[%clk 00:01:03]}
{[%emt 00:00:57]} Nxe5 {[%clk 00:06:38]} {[%emt 00:00:08]} 26. Qf5 {[%clk
00:00:37]} {[%emt 00:00:31]} Nxf3 {[%clk 00:06:11]} {[%emt 00:00:32]} 27. Qxf3
{[%clk 00:00:21]} {[%emt 00:00:21]} Bc5+ {[%clk 00:06:08]} {[%emt 00:00:09]} 28.
Ne3 {[%clk 00:00:21]} {[%emt 00:00:05]} Re6 {[%clk 00:05:36]} {[%emt 00:00:37]}
29. Ke1 {[%clk 00:00:09]} {[%emt 00:00:17]} Rde8 {[%clk 00:04:43]} {[%emt
00:00:58]} 30. Rd3 {[%clk 00:00:12]} {[%emt 00:00:02]} Qb6 {[%clk 00:04:12]}
{[%emt 00:00:36]} 31. Kd2 {[%clk 00:00:10]} {[%emt 00:00:07]} d4 {[%clk
00:04:10]} {[%emt 00:00:07]} 32. cxd4 {[%clk 00:00:12]} {[%emt 00:00:04]} Bxd4
{[%clk 00:04:06]} {[%emt 00:00:08]} 33. b4 {[%clk 00:00:09]} {[%emt 00:00:07]}
a5 {[%clk 00:03:38]} {[%emt 00:00:34]} 34. a3 {[%clk 00:00:12]} {[%emt
00:00:01]} axb4 {[%clk 00:03:42]} {[%emt 00:00:01]} 35. axb4 {[%clk 00:00:17]}
Qa7 {[%clk 00:03:46]} 0-1

[Event "World Youth & Cadets Rapid Championships"]
[Site "Rhodes, Greece"]
[Date "2022.05.01"]
[Round "1.6"]
[White "Garner, Isaac"]
[Black "Klugstedt, Vincent"]
[Result "0-1"]
[TimeControl "10'/game & 5\"/move"]
[WhiteElo "2076"]
[BlackElo "1811"]

1. Nf3 {[%clk 00:10:07]} {[%emt 00:00:02]} Nf6 {[%clk 00:10:00]} {[%emt
00:00:12]} 2. c4 {[%clk 00:10:10]} {[%emt 00:00:01]} c5 {[%clk 00:10:00]}
{[%emt 00:00:05]} 3. b3 {[%clk 00:10:13]} {[%emt 00:00:02]} g6 {[%clk
00:09:52]} {[%emt 00:00:13]} 4. Bb2 {[%clk 00:10:16]} {[%emt 00:00:02]} Bg7
{[%clk 00:09:56]} {[%emt 00:00:01]} 5. g3 {[%clk 00:10:17]} {[%emt 00:00:04]}
b6 {[%clk 00:09:47]} {[%emt 00:00:14]} 6. Bg2 {[%clk 00:10:19]} {[%emt
00:00:02]} Bb7 {[%clk 00:09:51]} {[%emt 00:00:02]} 7. O-O {[%clk 00:10:15]}
{[%emt 00:00:08]} O-O {[%clk 00:09:55]} {[%emt 00:00:02]} 8. d4 {[%clk
00:10:19]} {[%emt 00:00:01]} cxd4 {[%clk 00:09:23]} {[%emt 00:00:37]} 9. Qxd4
{[%clk 00:10:22]} {[%emt 00:00:02]} Nc6 {[%clk 00:08:46]} {[%emt 00:00:43]} 10.
Qd2 {[%clk 00:10:05]} {[%emt 00:00:21]} d5 {[%clk 00:07:21]} {[%emt 00:01:31]}
11. Qc1 {[%clk 00:07:35]} {[%emt 00:02:35]} dxc4 {[%clk 00:07:01]} {[%emt
00:00:24]} 12. Rd1 {[%clk 00:07:37]} {[%emt 00:00:03]} Qc7 {[%clk 00:05:05]}
{[%emt 00:02:01]} 13. Qxc4 {[%clk 00:07:38]} {[%emt 00:00:04]} Rac8 {[%clk
00:05:09]} {[%emt 00:00:02]} 14. Qh4 {[%clk 00:06:51]} {[%emt 00:00:51]} Rcd8
{[%clk 00:04:11]} {[%emt 00:01:04]} 15. Nc3 {[%clk 00:06:40]} {[%emt 00:00:16]}
Rxd1+ {[%clk 00:03:39]} {[%emt 00:00:36]} 16. Rxd1 {[%clk 00:06:43]} {[%emt
00:00:02]} Nd8 {[%clk 00:03:32]} {[%emt 00:00:13]} 17. Rc1 {[%clk 00:06:10]}
{[%emt 00:00:37]} Qb8 {[%clk 00:03:12]} {[%emt 00:00:26]} 18. e4 {[%clk
00:03:51]} {[%emt 00:02:24]} Ne6 {[%clk 00:02:18]} {[%emt 00:00:59]} 19. e5
{[%clk 00:03:38]} {[%emt 00:00:17]} Bxf3 {[%clk 00:02:02]} {[%emt 00:00:21]} 20.
Bxf3 {[%clk 00:03:28]} {[%emt 00:00:15]} Qxe5 {[%clk 00:02:05]} {[%emt
00:00:02]} 21. Qa4 {[%clk 00:03:07]} {[%emt 00:00:26]} Nc5 {[%clk 00:01:50]}
{[%emt 00:00:20]} 22. Qc4 {[%clk 00:02:48]} {[%emt 00:00:24]} Qf5 {[%clk
00:01:28]} {[%emt 00:00:28]} 23. Be2 {[%clk 00:02:52]} Rc8 {[%clk 00:01:20]}
{[%emt 00:00:13]} 24. g4 {[%clk 00:02:00]} {[%emt 00:00:57]} Qe6 {[%clk
00:01:11]} {[%emt 00:00:14]} 25. Qxe6 {[%clk 00:01:36]} {[%emt 00:00:29]} Nxe6
{[%clk 00:01:15]} {[%emt 00:00:01]} 26. Ba6 {[%emt 00:00:40]} Rd8 {[%clk
00:00:57]} {[%emt 00:00:22]} 27. h3 {[%clk 00:00:48]} {[%emt 00:00:19]} Nc5
{[%emt 00:00:02]} 28. Be2 {[%clk 00:00:43]} {[%emt 00:00:07]} Rd2 {[%clk
00:01:02]} {[%emt 00:00:07]} 29. Ba3 {[%clk 00:00:43]} {[%emt 00:00:04]} Nfe4
{[%clk 00:00:45]} {[%emt 00:00:21]} 30. Nxe4 {[%emt 00:00:03]} Rxe2 {[%clk
00:00:39]} {[%emt 00:00:10]} 31. Nxc5 {[%clk 00:00:47]} {[%emt 00:00:05]} bxc5
{[%clk 00:00:32]} {[%emt 00:00:13]} 32. Bxc5 {[%clk 00:00:50]} {[%emt
00:00:01]} Bf6 {[%clk 00:00:17]} {[%emt 00:00:20]} 33. a4 {[%clk 00:00:26]}
{[%emt 00:00:29]} Rb2 {[%clk 00:00:13]} {[%emt 00:00:09]} 34. b4 {[%clk
00:00:29]} {[%emt 00:00:03]} a6 {[%clk 00:00:15]} {[%emt 00:00:03]} 35. Kg2
{[%clk 00:00:26]} {[%emt 00:00:07]} e5 {[%clk 00:00:12]} {[%emt 00:00:08]} 36.
Rd1 {[%clk 00:00:25]} {[%emt 00:00:06]} Kg7 {[%clk 00:00:09]} {[%emt 00:00:08]}
37. Rd6 {[%clk 00:00:17]} {[%emt 00:00:12]} a5 {[%clk 00:00:11]} {[%emt
00:00:04]} 38. bxa5 {[%clk 00:00:16]} {[%emt 00:00:06]} Be7 {[%clk 00:00:15]}
{[%emt 00:00:02]} 39. Rd5 {[%clk 00:00:20]} Bxc5 {[%clk 00:00:14]} {[%emt
00:00:05]} 40. Rxc5 {[%clk 00:00:24]} Kf6 {[%clk 00:00:17]} {[%emt 00:00:03]}
41. a6 {[%clk 00:00:28]} Rb8 {[%clk 00:00:19]} {[%emt 00:00:03]} 42. a7 {[%clk
00:00:32]} Ra8 {[%clk 00:00:22]} {[%emt 00:00:02]} 43. Rc7 {[%clk 00:00:32]}
{[%emt 00:00:04]} Ke6 {[%clk 00:00:26]} {[%emt 00:00:01]} 44. Kf3 {[%clk
00:00:09]} {[%emt 00:00:28]} h6 {[%clk 00:00:28]} {[%emt 00:00:03]} 45. Rb7
{[%clk 00:00:00]} {[%emt 00:00:15]} f6 {[%clk 00:00:28]} {[%emt 00:00:20]} 0-1